000 00615nam a2200181Ia 4500
008 090124s9999 xx 000 0 und d
082 _b122401
100 _aअष्टीकर मंदाकिनी
245 _a प्रियाविण उदास वाटे
250 _a1
260 _c1987
300 _a184
600 _aअष्टीकर मंदाकिनी
630 _a प्रियाविण उदास वाटे
700 _aअष्टीकर मंदाकिनी
730 _a प्रियाविण उदास वाटे
942 _cBOOK
999 _c168487
_d168487